Country Flight Destinations - Belize - Statistics

General Stats
  • This quiz has been taken 13 times
  • The average score is 6 of 6
Answer Stats
Answer % Correct
United States
100%
Guatemala
92%
Honduras
92%
Mexico
92%
Panama
92%
Canada
83%
No matching quizzes found
Score Distribution
Percent of People with Each Score
Percentile by Number Answered
Your Score History
You have not taken this quiz